Дело о полицейских командах по Вятской губернии

Доступно только в Электронных читальных залах Найти на картеНа карте
RUSMARC
00003664nmc2a22000003x 450
0011384af37-6482-48e5-8062-3b3e3c3ea118
00520200306124846.0
100##$a20180912l18661873k l0rusy0189 ca
1010#$arus
102##$aRU
2001#$aДело о полицейских командах по Вятской губернии
$j16 марта 1866 г. - 27 сентября 1873 г.
251##$cДело
300##$aДело
801#0$aRU
$bРГИА
$c20180912
$gRCR
801#1$aRU
$bГлавНИВЦ
$c20180912
$2rusmarc
801#2$aRU
$bПБ им. Б.Н. Ельцина
$c20200306
$gRCR
$2rusmarc
850##$aРГИА
852##$aРГИА
$eФедеральное казенное учреждение "Российский государственный исторический архив" (РГИА)
$j1374
937##$hРГИА
$d12293324
$aASBIBLIO_SCAN
462#0$1001d8f9f7d4-b5a2-42ce-9901-502471366df6
$12001
$aДела Департамента полиции исполнительной МВД за 1866 год
$1251
$cОпись
$1852
$j27
$l1866 г.
461#0$10013e300ed0-cd39-49af-8489-5ba5b90fa401
$12001
$aДепартамент полиции исполнительной МВД
$1251
$cФонд
$1852
$j1286
215##$a149 л.
$d36,5х26 см
371##$aДокумент не является опубликованным и широко распространяемым
105##$ay###
1222#$ad
035##$a1384af37-6482-48e5-8062-3b3e3c3ea118
856##$uhttp://readingroom.main.prlib.ru/item.aspx?id_node=n143241773&mode=full
Формат отображения